[Event "World Rapid Team 2023"]
[Site "Dusseldorf GER"]
[Date "2023.08.28"]
[Round "12.4"]
[Board "1"]
[White "Donchenko, Alexander"]
[Black "Jobava, Baadur"]
[Result "1/2-1/2"]
[WhiteTitle "GM"]
[BlackTitle "GM"]
[WhiteElo "2684"]
[BlackElo "2574"]
[WhiteTeam "Germany and Friends"]
[BlackTeam "Columbus Energy KingsOfChess Krakow"]
[WhiteFideId "24603295"]
[BlackFideId "13601520"]
[EventDate "2023.08.26"]

1. c4 g6 2. g3 Bg7 3. Bg2 e5 4. Nc3 Ne7 5. e3 O-O 6. Nge2 d6 7. O-O c6 8. b3 Re8
9. Bb2 d5 10. cxd5 cxd5 11. d4 e4 12. Qd2 Na6 13. Ba3 Nc7 14. Nf4 Nc6 15. Rac1
Bh6 16. f3 Bxf4 17. gxf4 exf3 18. Bxf3 Bf5 19. Rfe1 Qd7 20. Qg2 Rad8 21. h4 Re6
22. h5 b5 23. Bc5 b4 24. Nd1 Rde8 25. Kf2 Be4 26. Bxe4 Rxe4 27. Rh1 Ne6 28. Qh3
a5 29. Rc2 Nb8 30. Kg1 Nxf4 31. Qxd7 Nxd7 32. exf4 Re1+ 33. Kg2 Rxh1 34. Kxh1
Re1+ 35. Kg2 Rxd1 36. h6 Nxc5 37. dxc5 Re1 38. c6 Re8 39. Rc5 Kf8 40. Rxa5 Re2+
41. Kf3 Rc2 42. Rxd5 Rxc6 43. Rb5 Ra6 44. Rxb4 Rxa2 45. Rb8+ Ke7 46. Rb7+ Ke6
47. Rb6+ Kf5 48. Rb5+ Ke6 49. Rb6+ Kf5 1/2-1/2

[Event "World Rapid Team 2023"]
[Site "Dusseldorf GER"]
[Date "2023.08.28"]
[Round "12.4"]
[Board "2"]
[White "Pakleza, Zbigniew"]
[Black "Bluebaum, Matthias"]
[Result "1/2-1/2"]
[WhiteTitle "GM"]
[BlackTitle "GM"]
[WhiteElo "2482"]
[BlackElo "2670"]
[WhiteTeam "Columbus Energy KingsOfChess Krakow"]
[BlackTeam "Germany and Friends"]
[WhiteFideId "1119290"]
[BlackFideId "24651516"]
[EventDate "2023.08.26"]

1. d4 d5 2. Nf3 e6 3. Bf4 c5 4. c3 Nc6 5. e3 Bd6 6. Bg3 Nge7 7. Bd3 O-O 8. Nbd2
cxd4 9. cxd4 Nf5 10. Bxd6 Qxd6 11. O-O h6 12. a3 Nfe7 13. Rc1 b6 14. Qe2 Bb7 15.
Rc3 Rac8 16. Rfc1 Nb8 17. h4 Rxc3 18. Rxc3 Rc8 19. Rxc8+ Nxc8 20. Nb1 Qc7 21.
Nc3 Nd6 22. Ne5 Nd7 23. f4 Nf6 24. Qc2 Nfe4 25. Nxe4 Qxc2 26. Bxc2 dxe4 27. Kf2
f6 28. Ng6 Kf7 29. Nh8+ Ke7 30. Ng6+ Kf7 31. Nh8+ Ke8 32. g4 Bd5 33. b3 Nb5 34.
a4 Nc7 35. Ke2 Na6 36. Ng6 Nb4 37. Kd2 Nc6 38. h5 a5 39. Kc3 Kf7 40. Bd1 Ne7 41.
Nxe7 Kxe7 1/2-1/2

[Event "World Rapid Team 2023"]
[Site "Dusseldorf GER"]
[Date "2023.08.28"]
[Round "12.4"]
[Board "3"]
[White "Svane, Rasmus"]
[Black "Teclaf, Pawel"]
[Result "1/2-1/2"]
[WhiteTitle "GM"]
[BlackTitle "IM"]
[WhiteElo "2631"]
[BlackElo "2586"]
[WhiteTeam "Germany and Friends"]
[BlackTeam "Columbus Energy KingsOfChess Krakow"]
[WhiteFideId "4657101"]
[BlackFideId "1185934"]
[EventDate "2023.08.26"]

1. Nf3 Nf6 2. c4 b6 3. g3 Bb7 4. Bg2 g6 5. d4 Bg7 6. O-O O-O 7. Re1 e6 8. Bf4 d6
9. Qc2 Be4 10. Qd2 Bb7 11. Qc2 Be4 12. Qc1 Bc6 13. Bg5 Qc8 14. Nc3 Ne4 15. Nxe4
Bxe4 16. Bh6 Nd7 17. Bxg7 Kxg7 18. Qc3 Nf6 19. Bf1 Rd8 20. Nd2 Bb7 21. e4 c5 22.
e5 dxe5 23. dxe5 Ne8 24. Bg2 Bxg2 25. Kxg2 Qc6+ 26. Qf3 1/2-1/2

[Event "World Rapid Team 2023"]
[Site "Dusseldorf GER"]
[Date "2023.08.28"]
[Round "12.4"]
[Board "4"]
[White "Gumularz, Szymon"]
[Black "Kollars, Dmitrij"]
[Result "1/2-1/2"]
[WhiteTitle "GM"]
[BlackTitle "GM"]
[WhiteElo "2588"]
[BlackElo "2628"]
[WhiteTeam "Columbus Energy KingsOfChess Krakow"]
[BlackTeam "Germany and Friends"]
[WhiteFideId "1188062"]
[BlackFideId "12909572"]
[EventDate "2023.08.26"]

1. e4 e5 2. Nf3 Nc6 3. Bb5 a6 4. Ba4 Nf6 5. O-O Be7 6. d3 b5 7. Bb3 d6 8. Bd2
Bg4 9. h3 Bxf3 10. Qxf3 Nd4 11. Qd1 O-O 12. Be3 Nxb3 13. axb3 d5 14. exd5 Nxd5
15. Bd2 Qd7 16. Re1 Bd6 17. Nc3 Nb4 18. Ne4 Nc6 19. Bc3 Be7 20. Qh5 b4 21. Bd2
Nd4 22. Rac1 f5 23. Ng5 Bxg5 24. Qxg5 Qd6 25. Be3 Ne6 26. Qh5 c5 27. f3 Rf6 28.
Re2 Raf8 29. Kh1 e4 30. dxe4 fxe4 31. Rd2 Qc6 32. fxe4 Qxe4 33. Qe2 Rf5 34. Bg1
Qxe2 35. Rxe2 Nd4 36. Bxd4 cxd4 37. Kg1 a5 38. Rd1 Rd5 39. Rd3 Rc8 40. Kf1 Rdc5
41. Rdd2 h5 42. Ke1 Kf7 43. Kd1 Rd8 44. Re4 Rcd5 45. Rf2+ Kg6 46. Kd2 d3 47. c3
bxc3+ 48. bxc3 Rb8 49. b4 axb4 50. Rxb4 Ra8 51. Rb2 Ra1 52. c4 Rd4 53. Kc3 Rd8
54. Kd2 Rd4 55. Kc3 Rd8 56. Kd2 Rd4 57. Kc3 Rd8 58. Kd2 1/2-1/2

[Event "World Rapid Team 2023"]
[Site "Dusseldorf GER"]
[Date "2023.08.28"]
[Round "12.4"]
[Board "5"]
[White "Bashylina, Luisa"]
[Black "Kulon, Klaudia"]
[Result "0-1"]
[WhiteTitle "WFM"]
[BlackTitle "IM"]
[WhiteElo "2152"]
[BlackElo "2320"]
[WhiteTeam "Germany and Friends"]
[BlackTeam "Columbus Energy KingsOfChess Krakow"]
[WhiteFideId "12983292"]
[BlackFideId "1131044"]
[EventDate "2023.08.26"]

1. d4 Nf6 2. c4 g6 3. Nc3 Bg7 4. e4 d6 5. Be2 O-O 6. Be3 e5 7. d5 a5 8. g4 Nfd7
9. h4 f5 10. gxf5 gxf5 11. exf5 Nc5 12. Bg5 Bf6 13. Bh6 Bxf5 14. Bxf8 Qxf8 15.
Nf3 Nba6 16. a3 a4 17. Ng5 Nb3 18. Nxa4 Nxa1 19. Qxa1 e4 20. Qd1 Nc5 21. Nxc5
dxc5 22. Bg4 Bxb2 23. d6 Bd4 24. Nh3 Rxa3 25. O-O Rxh3 26. d7 Rg3+ 27. Kh2 Rxg4 0-1

[Event "World Rapid Team 2023"]
[Site "Dusseldorf GER"]
[Date "2023.08.28"]
[Round "12.4"]
[Board "6"]
[White "Przedlacki, Wiktor"]
[Black "Lobkin, Bohdan"]
[Result "1/2-1/2"]
[WhiteElo "1702"]
[BlackElo "1795"]
[WhiteTeam "Columbus Energy KingsOfChess Krakow"]
[BlackTeam "Germany and Friends"]
[WhiteFideId "21099529"]
[BlackFideId "34115552"]
[EventDate "2023.08.26"]

1. e4 d5 2. exd5 Qxd5 3. Nf3 Bg4 4. Be2 Bxf3 5. Bxf3 Qe5+ 6. Qe2 Qxe2+ 7. Bxe2
Nf6 8. d3 e6 9. O-O Nbd7 10. Nd2 Be7 11. Bf3 c6 12. Nb3 a5 13. a4 Ne5 14. Be2
O-O 15. Bd2 b6 16. g3 Rac8 17. Be3 Nd5 18. Nd2 Rfd8 19. Rfd1 Bf6 20. Ne4 c5 21.
Nxf6+ gxf6 22. c3 Nxe3 23. fxe3 Kf8 24. Kf2 Ke7 25. b3 h5 26. h3 Rh8 27. d4 Nd7
28. Rab1 f5 29. b4 axb4 30. cxb4 cxd4 31. Rxd4 Ra8 32. Ra1 Ne5 33. a5 bxa5 34.
bxa5 Rhb8 35. Rd2 Rb4 36. Bxh5 Nc4 37. Rda2 Ra7 38. Be2 Nd6 39. Bf3 Ra6 40. Ra4
Rb2+ 41. Kf1 e5 42. R4a2 Rb3 43. Kf2 Ke6 44. Rc2 Ra7 45. Raa2 Rb5 46. a6 Rb6 47.
Be2 Ne4+ 48. Kg2 Kd6 49. h4 Rb3 50. Kf3 Nf6 51. Rcb2 Rc3 52. Rb6+ Ke7 53. Rab2
Rcc7 54. Rb7 Kd8 55. Rxa7 Rxa7 56. Rb8+ Kc7 57. Rf8 Kd6 58. Rd8+ Ke7 59. Rb8 Kd6
60. Rd8+ Ke7 1/2-1/2

[Event "World Rapid Team 2023"]
[Site "Dusseldorf GER"]
[Date "2023.08.28"]
[Round "12.5"]
[Board "1"]
[White "Eljanov, Pavel"]
[Black "Vachier-Lagrave, Maxime"]
[Result "0-1"]
[WhiteTitle "GM"]
[BlackTitle "GM"]
[WhiteElo "2695"]
[BlackElo "2739"]
[WhiteTeam "Ashdod Elit Chess Club"]
[BlackTeam "ASV AlphaEchecs Linz"]
[WhiteFideId "14102951"]
[BlackFideId "623539"]
[EventDate "2023.08.26"]

1. e4 e6 2. d4 d5 3. e5 c5 4. c3 Nc6 5. Nf3 Qb6 6. a3 Nh6 7. b4 cxd4 8. Bxh6
gxh6 9. cxd4 Rg8 10. h3 Bd7 11. g3 Rc8 12. Be2 a5 13. O-O axb4 14. axb4 Bxb4 15.
Qd3 Rg7 16. Nbd2 Nxd4 17. Qxd4 Qxd4 18. Nxd4 Bxd2 19. Rab1 Bc3 20. Rfd1 Bxd4 21.
Rxd4 Rg5 22. Rxb7 Rxe5 23. Bf3 Re1+ 24. Kg2 Rcc1 25. Bh5 Bc6 26. Rxf7 e5 27.
Rc7+ Kd8 28. Rxc6 exd4 29. Rd6+ Kc7 30. Rxd5 Rc4 31. Bg4 Re7 32. Bf5 Kc6 33. Rd8
Kc5 34. g4 Ra4 35. f3 Ra3 36. Rc8+ Kb4 37. Be4 d3 38. Rd8 Ra2+ 39. Kg3 d2 40.
Kf4 Rea7 41. Ke3 R7a3+ 42. Ke2 d1=Q+ 43. Kxd1 Rh2 44. Ra8 Rxa8 45. Bxa8 Kc3 46.
Be4 Kd4 47. Bxh7 Ke3 48. Be4 Rxh3 49. Kc2 Rh2+ 50. Kc3 Rd2 51. Kc4 Rf2 52. Kc3
Rf1 53. Kc2 Kd4 54. Kd2 Rf2+ 55. Ke1 Ke3 56. Kd1 Ra2 57. Bb7 Rd2+ 58. Kc1 Rd7
59. Be4 Ke2 60. Kc2 Rc7+ 61. Kb3 Ke3 62. Kb2 Kd4 63. Kb3 Rc3+ 64. Kb2 Kc4 65.
Bd5+ Kb4 66. Be4 Kc4 67. Bd5+ Kd3 68. Be4+ Kd2 69. Ka2 Ke2 70. f4 Ke3 0-1

[Event "World Rapid Team 2023"]
[Site "Dusseldorf GER"]
[Date "2023.08.28"]
[Round "12.5"]
[Board "2"]
[White "Grischuk, Alexander"]
[Black "Volokitin, Andrei"]
[Result "1/2-1/2"]
[WhiteTitle "GM"]
[BlackTitle "GM"]
[WhiteElo "2736"]
[BlackElo "2661"]
[WhiteTeam "ASV AlphaEchecs Linz"]
[BlackTeam "Ashdod Elit Chess Club"]
[WhiteFideId "4126025"]
[BlackFideId "14107090"]
[EventDate "2023.08.26"]

1. d4 Nf6 2. Nf3 d5 3. c4 e6 4. Nc3 Bb4 5. Bg5 h6 6. Bxf6 Qxf6 7. e3 O-O 8. Rc1
dxc4 9. Bxc4 c5 10. O-O cxd4 11. Nxd4 Bd7 12. Qb3 Nc6 13. Nxc6 Bxc3 14. Rxc3
Bxc6 15. Bb5 Bd5 16. Bc4 Bc6 17. Bb5 Bd5 18. Bc4 Bc6 19. Bb5 1/2-1/2

[Event "World Rapid Team 2023"]
[Site "Dusseldorf GER"]
[Date "2023.08.28"]
[Round "12.5"]
[Board "3"]
[White "Alekseev, Evgeny"]
[Black "Bacrot, Etienne"]
[Result "1/2-1/2"]
[WhiteTitle "GM"]
[BlackTitle "GM"]
[WhiteElo "2573"]
[BlackElo "2662"]
[WhiteTeam "Ashdod Elit Chess Club"]
[BlackTeam "ASV AlphaEchecs Linz"]
[WhiteFideId "4138147"]
[BlackFideId "605506"]
[EventDate "2023.08.26"]

1. e4 e5 2. Bc4 Nf6 3. d3 c6 4. Nf3 d5 5. Bb3 a5 6. a3 a4 7. Ba2 Bd6 8. Nc3 d4
9. Ne2 h6 10. O-O c5 11. Ng3 g6 12. Bd2 Nc6 13. Qc1 g5 14. c3 Bg4 15. cxd4 cxd4
16. h4 Nh7 17. hxg5 hxg5 18. Nxg5 Nxg5 19. Bxg5 Be7 20. Bxe7 Qxe7 21. f3 Be6 22.
Bd5 Kd7 23. Kf2 Rag8 24. Rh1 Rxh1 25. Qxh1 Rxg3 26. Bxe6+ fxe6 27. Kxg3 Qg5+ 28.
Kh2 Qh6+ 29. Kg1 Qe3+ 30. Kh2 Qh6+ 1/2-1/2

[Event "World Rapid Team 2023"]
[Site "Dusseldorf GER"]
[Date "2023.08.28"]
[Round "12.5"]
[Board "4"]
[White "Naiditsch, Arkadij"]
[Black "Galperin, Platon"]
[Result "1-0"]
[WhiteTitle "GM"]
[BlackTitle "GM"]
[WhiteElo "2651"]
[BlackElo "2566"]
[WhiteTeam "ASV AlphaEchecs Linz"]
[BlackTeam "Ashdod Elit Chess Club"]
[WhiteFideId "4650891"]
[BlackFideId "14165414"]
[EventDate "2023.08.26"]

1. e4 e5 2. Nf3 Nc6 3. Nc3 Nf6 4. Bb5 Nd4 5. Bc4 Bc5 6. d3 d6 7. Na4 b5 8. Nxd4
bxc4 9. Nf5 O-O 10. Nxc5 dxc5 11. dxc4 Qxd1+ 12. Kxd1 Rd8+ 13. Ke2 Ba6 14. Bg5
Bxc4+ 15. Kf3 Kf8 16. Rhd1 Be6 17. Be3 Nd7 18. Rd2 f6 19. Rad1 g6 20. Bxc5+ Kf7
21. Ne3 f5 22. exf5 gxf5 23. Ba3 f4 24. Nd5 Rac8 25. Nc3 Nf6 26. h3 Rg8 27. Re1
Rg5 28. Rde2 e4+ 29. Nxe4 Nxe4 30. Rxe4 Bd5 31. Kxf4 Rxg2 32. Re7+ Kg6 33. Ke5
Bf3 34. Re6+ Kg7 35. Re3 Rxf2 36. Bc5 Rf1 37. Bxa7 c5 38. a4 Bd1 39. Re7+ Kh6
40. Kd6 Bxc2 41. R3e6+ Kh5 42. Re5+ Kh4 43. Bb6 Rd1+ 44. Rd5 Rxd5+ 45. Kxd5 Kxh3
46. a5 h5 47. a6 c4 48. a7 Bd1 49. Re3+ Kg4 50. Bc7 Ra8 51. Bb8 Bf3+ 52. Kxc4 h4
53. Re8 h3 54. Rg8+ Kf5 55. Rh8 Bg2 56. b4 Kg6 57. Kc5 Kg7 58. Rh4 Kf7 59. b5
Ke7 60. b6 Kd8 61. Rh7 Kc8 62. Kd6 Be4 63. b7+ 1-0

[Event "World Rapid Team 2023"]
[Site "Dusseldorf GER"]
[Date "2023.08.28"]
[Round "12.5"]
[Board "5"]
[White "Manakova, Maria"]
[Black "Lagno, Kateryna"]
[Result "1/2-1/2"]
[WhiteTitle "WGM"]
[BlackTitle "GM"]
[WhiteElo "2137"]
[BlackElo "2552"]
[WhiteTeam "Ashdod Elit Chess Club"]
[BlackTeam "ASV AlphaEchecs Linz"]
[WhiteFideId "927007"]
[BlackFideId "14109336"]
[EventDate "2023.08.26"]

1. e4 e5 2. Nf3 Nc6 3. Bc4 Nf6 4. d3 d5 5. exd5 Nxd5 6. h3 Nb6 7. Bb3 Bd6 8. Ng5
Qf6 9. Bxf7+ Ke7 10. Bb3 h6 11. Ne4 Qg6 12. Qf3 Nd4 13. Qg3 Qxg3 14. Nxg3 a5 15.
c3 Nxb3 16. axb3 Be6 17. Nd2 Nd7 18. Nge4 b5 19. O-O Rhd8 20. Re1 Kf7 21. Nxd6+
cxd6 22. Ne4 Nf6 23. c4 Nxe4 24. Rxe4 d5 25. Rxe5 dxc4 26. bxc4 bxc4 27. dxc4
Rd1+ 28. Kh2 Bxc4 29. Re3 a4 30. Rc3 Bd5 31. Raa3 Be6 32. Be3 Bd7 33. Rd3 Rxd3
34. Rxd3 Be6 35. Rc3 Rd8 36. Kg3 Rd7 37. Rc5 Rd5 38. Rc7+ Rd7 39. Rc6 Rd3 40.
Ra6 Bd7 41. Ra7 Ke6 42. Kf4 Rd5 43. Ra6+ Rd6 44. Ra5 Rd5 45. Ra6+ Rd6 46. Ra7
Rd5 47. h4 h5 48. f3 Rf5+ 49. Kg3 Rd5 50. Kf2 Kf5 51. g3 Kf6 52. Ra6+ Kf7 53.
Ra7 Kf6 54. Ke1 Rd3 55. Bd2 Ke6 56. Ra6+ Kf7 57. Ra7 Ke6 58. Ra6+ Kf7 59. Ra7 1/2-1/2

[Event "World Rapid Team 2023"]
[Site "Dusseldorf GER"]
[Date "2023.08.28"]
[Round "12.5"]
[Board "6"]
[White "Llari, Marc"]
[Black "Blonder, Daniel"]
[Result "1-0"]
[WhiteTitle "CM"]
[WhiteElo "2092"]
[BlackElo "1824"]
[WhiteTeam "ASV AlphaEchecs Linz"]
[BlackTeam "Ashdod Elit Chess Club"]
[WhiteFideId "651044269"]
[BlackFideId "2841754"]
[EventDate "2023.08.26"]

1. e4 g6 2. d4 Bg7 3. Nc3 d6 4. Be3 c6 5. f4 b5 6. Bd3 Nf6 7. h3 Qc7 8. Nf3 O-O
9. O-O a6 10. e5 Nd5 11. Nxd5 cxd5 12. Qe1 dxe5 13. fxe5 Nc6 14. c3 f5 15. exf6
exf6 16. Qh4 Ne7 17. Bf4 Qd8 18. Bh6 Bf5 19. Bxg7 Kxg7 20. Bxf5 Nxf5 21. Qf4 Qd6
22. Qd2 Ng3 23. Rfe1 Ne4 24. Qd3 Rfe8 25. Re3 Re7 26. Rae1 Rae8 27. Nd2 f5 28.
Nf3 Rc7 29. Ne5 Rb8 30. a3 a5 31. h4 b4 32. cxb4 axb4 33. a4 Ra8 34. Qd1 Rca7
35. h5 Rxa4 36. hxg6 hxg6 37. Rh3 Qb6 38. Nf3 R4a7 39. Qc1 Rh8 40. Rxh8 Kxh8 41.
Qh6+ Kg8 42. Rc1 Qe6 43. Ne5 Rh7 44. Qxg6+ Qxg6 45. Nxg6 Ra7 46. Nf4 Rd7 47.
Rc8+ Kf7 48. Rb8 Nf6 49. Rxb4 Rc7 50. Kh2 Rc4 51. Rxc4 dxc4 52. Kg3 Ke7 53. Kf3
Kd6 54. Ke3 Kc6 55. Kd2 Ne4+ 56. Kc2 Nf6 57. b3 cxb3+ 58. Kxb3 Ng4 59. Kc4 Kd6
60. Kd3 Nf6 61. Ke3 Ke7 62. d5 Kd6 63. Kd4 Ng4 64. Ne2 Nf6 65. Nc3 Nd7 66. g3
Ke7 67. Nb5 Kf6 68. Nc7 Ke7 69. Ne6 Kf6 70. Nc5 Nb6 71. d6 Na8 72. d7 Ke7 73.
Ke5 Nc7 74. Kxf5 Nd5 75. g4 Ne3+ 76. Kf4 Nd5+ 77. Ke5 Nb4 78. g5 Nc6+ 79. Kf5
Kd6 80. g6 Kxc5 81. g7 Kd6 82. d8=Q+ 1-0

[Event "World Rapid Team 2023"]
[Site "Dusseldorf GER"]
[Date "2023.08.28"]
[Round "12.6"]
[Board "1"]
[White "Moussard, Jules"]
[Black "Krastev, Alexander"]
[Result "0-1"]
[WhiteTitle "GM"]
[BlackTitle "IM"]
[WhiteElo "2661"]
[BlackElo "2411"]
[WhiteTeam "Chessbrah OFM"]
[BlackTeam "Schachverein Hemer"]
[WhiteFideId "642908"]
[BlackFideId "12989983"]
[EventDate "2023.08.26"]

1. e4 c5 2. Nf3 e6 3. g3 Nc6 4. Bg2 Nf6 5. d3 d5 6. Qe2 Be7 7. a4 b6 8. O-O Ba6
9. e5 Nd7 10. Re1 O-O 11. Na3 Rc8 12. Bf4 Nd4 13. Nxd4 cxd4 14. Nb5 Bxb5 15.
axb5 Qc7 16. Bxd5 g5 17. Bxg5 Bxg5 18. Bc6 Bh6 19. f4 Bg7 20. Qh5 f6 21. exf6
Rxf6 22. Re2 Nf8 23. Rae1 Qd6 24. Qf3 a5 25. b3 Kh8 26. Qe4 Ng6 27. Qf3 Rcf8 28.
Qh5 Ne7 29. Be4 Rh6 30. Qg4 Nf5 31. Bxf5 Rxf5 32. Re4 Rg6 33. Qf3 h6 34. Kg2
Rxb5 35. R1e2 Rc5 36. g4 Qc6 37. Kh3 Rxc2 38. Rxc2 Qxc2 39. f5 exf5 40. gxf5 Rf6
41. Rxd4 Qxb3 42. Rd8+ Kh7 43. Rd7 Qb5 44. Rd5 Qe8 45. Kg4 a4 46. d4 a3 47. Re5
Qa4 48. Kh5 a2 49. Qg4 Qd7 50. h4 Qf7+ 0-1

[Event "World Rapid Team 2023"]
[Site "Dusseldorf GER"]
[Date "2023.08.28"]
[Round "12.6"]
[Board "2"]
[White "Bagrationi, Alexander"]
[Black "Van Foreest, Jorden"]
[Result "0-1"]
[WhiteTitle "GM"]
[BlackTitle "GM"]
[WhiteElo "2440"]
[BlackElo "2697"]
[WhiteTeam "Schachverein Hemer"]
[BlackTeam "Chessbrah OFM"]
[WhiteFideId "14104954"]
[BlackFideId "1039784"]
[EventDate "2023.08.26"]

1. d4 Nf6 2. Nf3 d5 3. c4 e6 4. g3 dxc4 5. Bg2 Bb4+ 6. Bd2 a5 7. O-O O-O 8. Qc2
b6 9. Bf4 Bb7 10. Qxc4 Nbd7 11. a3 Bd6 12. Bxd6 cxd6 13. Nc3 Ne4 14. Nxe4 Bxe4
15. Rfc1 Qb8 16. Qc7 Ra7 17. Qxb8 Rxb8 18. Nd2 Bxg2 19. Kxg2 d5 20. Rc6 Kf8 21.
Rac1 Ke7 22. b3 Nf6 23. Rc7+ Rxc7 24. Rxc7+ Nd7 25. Rc6 Nf6 26. Rc7+ Nd7 27. Rc6
Rb7 28. Nf3 f6 29. e3 a4 30. b4 b5 31. Nd2 Nb6 32. f4 Kd7 33. Rc5 Nc8 34. Kf3
Nd6 35. Ke2 Rb6 36. Kd3 Nb7 37. Rc1 Rc6 38. Rxc6 Kxc6 39. g4 Nd6 40. Ke2 h6 41.
h4 g6 42. h5 gxh5 43. gxh5 Nc4 44. Nb1 e5 45. dxe5 fxe5 46. Kd3 Kd6 47. Ke2 Ke6
48. Kd3 Kd6 49. Ke2 e4 50. Kf2 Ke6 51. Ke2 Kf5 52. Nc3 Nxa3 53. Nxd5 Nc4 54. Nc3
a3 55. Nxb5 a2 56. Nd4+ Kg4 57. Nb3 Kxh5 58. b5 Kg4 59. Kf2 h5 60. Kg1 h4 61.
Kh2 h3 62. f5 Nd2 63. Na1 Nf1+ 64. Kg1 Kg3 65. f6 h2+ 0-1

[Event "World Rapid Team 2023"]
[Site "Dusseldorf GER"]
[Date "2023.08.28"]
[Round "12.6"]
[Board "3"]
[White "Saric, Ivan"]
[Black "Voicu-Jagodzinsky, Carmen"]
[Result "1-0"]
[WhiteTitle "GM"]
[BlackTitle "WGM"]
[WhiteElo "2657"]
[BlackElo "2264"]
[WhiteTeam "Chessbrah OFM"]
[BlackTeam "Schachverein Hemer"]
[WhiteFideId "14508150"]
[BlackFideId "1206729"]
[EventDate "2023.08.26"]

1. e4 c5 2. Nf3 Nc6 3. Nc3 e5 4. Bc4 Be7 5. d3 d6 6. O-O Nf6 7. Ng5 O-O 8. f4
Bg4 9. Qe1 exf4 10. Bxf4 Nd4 11. Qd2 Qd7 12. a4 Be6 13. Nxe6 fxe6 14. e5 dxe5
15. Bxe5 Nd5 16. Ne4 a6 17. c3 Nf5 18. Rae1 b5 19. axb5 axb5 20. Bb3 Rad8 21.
Ng3 Bf6 22. Nxf5 exf5 23. Bxf6 Rxf6 24. Re5 Qc6 25. c4 Qb6 26. Qf2 Nb4 27. cxb5+
Kh8 28. Qxc5 Qxc5+ 29. Rxc5 g6 30. Rd1 Rfd6 31. d4 Kg7 32. d5 Kf6 33. Rd4 1-0

[Event "World Rapid Team 2023"]
[Site "Dusseldorf GER"]
[Date "2023.08.28"]
[Round "12.6"]
[Board "4"]
[White "Jagodzinsky, Andreas"]
[Black "Tari, Aryan"]
[Result "1/2-1/2"]
[BlackTitle "GM"]
[WhiteElo "2176"]
[BlackElo "2629"]
[WhiteTeam "Schachverein Hemer"]
[BlackTeam "Chessbrah OFM"]
[WhiteFideId "4636961"]
[BlackFideId "1510045"]
[EventDate "2023.08.26"]

1. d4 Nf6 2. c4 g6 3. Nc3 d5 4. Nf3 Bg7 5. Qb3 dxc4 6. Qxc4 Be6 7. Qb5+ Bd7 8.
Qxb7 Nc6 9. Bf4 Rb8 10. Qxc7 Qxc7 11. Bxc7 Rxb2 12. e3 O-O 13. Bb5 Rc8 14. Bxc6
Rxc7 15. Bxd7 Rxc3 16. Ba4 Ra3 17. Bd1 Ne4 18. O-O a5 19. Bb3 a4 20. Bc4 Nd6 21.
Rac1 Bf6 22. g4 g5 23. Bd5 Rb5 24. Rc5 e6 25. Rxb5 Nxb5 26. Bc4 Nd6 27. Rc1 Nxc4
28. Rxc4 Rxa2 29. Rc8+ Kg7 30. Ra8 a3 31. Ra7 Kg6 32. Kg2 Ra1 33. Ne5+ Bxe5 34.
dxe5 Kg7 35. Ra8 h5 36. gxh5 a2 37. h3 Kh7 38. Kh2 Kh6 39. Rh8+ Kg7 40. Ra8 Kh7
41. Kg2 Kh6 42. Rh8+ Kg7 43. Ra8 Kh7 44. Kh2 Kh6 45. Rh8+ Kg7 46. Ra8 Kh7 47.
Kg2 Kh6 1/2-1/2

[Event "World Rapid Team 2023"]
[Site "Dusseldorf GER"]
[Date "2023.08.28"]
[Round "12.6"]
[Board "5"]
[White "Khademalsharieh, Sarasadat"]
[Black "Besou, Hussain"]
[Result "1/2-1/2"]
[WhiteTitle "IM"]
[BlackTitle "FM"]
[WhiteElo "2488"]
[BlackElo "2364"]
[WhiteTeam "Chessbrah OFM"]
[BlackTeam "Schachverein Hemer"]
[WhiteFideId "12512214"]
[BlackFideId "16269950"]
[EventDate "2023.08.26"]

1. Nf3 d5 2. e3 Nf6 3. c4 e6 4. Nc3 Be7 5. b3 O-O 6. Bb2 b6 7. cxd5 exd5 8. d4
Bb7 9. Bd3 Nbd7 10. O-O Re8 11. Ne2 Bd6 12. Ng3 g6 13. Rc1 Ne4 14. Bb5 a6 15.
Bc6 Bxc6 16. Rxc6 h5 17. Ne5 Nxg3 18. hxg3 Nxe5 19. dxe5 Bxe5 20. Bxe5 Rxe5 21.
Qc2 Re7 22. Rd1 Rd7 23. Rd4 Rc8 24. Qd1 Qg5 25. Qc2 Qd8 26. Qd1 Qg5 27. b4 Qf5
28. e4 Qg4 29. Qd2 Rcd8 30. e5 Qf5 31. f4 Qg4 32. Qc3 Re8 33. a4 Re6 34. Rxe6
Qxe6 35. b5 axb5 36. axb5 Kg7 37. Kf2 Qe7 38. e6 Qxe6 39. Rxd5+ f6 40. Rxd7+
Qxd7 41. Kg1 Qd6 42. Kh2 h4 43. gxh4 Qxf4+ 44. g3 Qf2+ 45. Kh3 Qf1+ 46. Kh2 Qe2+
47. Kh3 Qe6+ 48. Kh2 Qd6 49. Kh3 Kf7 50. g4 Qf4 51. Qd3 Qe5 52. Qd7+ Kf8 53.
Qd8+ Kf7 1/2-1/2

[Event "World Rapid Team 2023"]
[Site "Dusseldorf GER"]
[Date "2023.08.28"]
[Round "12.7"]
[Board "1"]
[White "Rodshtein, Maxim"]
[Black "Lubbe, Nikolas"]
[Result "1-0"]
[WhiteTitle "GM"]
[BlackTitle "IM"]
[WhiteElo "2606"]
[BlackElo "2501"]
[WhiteTeam "Rishon LeZion Chess Club"]
[BlackTeam "Team Chessemy.com"]
[WhiteFideId "2806851"]
[BlackFideId "4694031"]
[EventDate "2023.08.26"]

1. d4 d5 2. c4 e6 3. Nc3 Nf6 4. cxd5 exd5 5. Bg5 Be7 6. e3 O-O 7. Bd3 Re8 8.
Nge2 c6 9. O-O Nbd7 10. Qc2 Nf8 11. Rad1 g6 12. f3 Ne6 13. Bh4 b5 14. h3 a6 15.
Kh1 Bb7 16. f4 Nh5 17. Bxe7 Qxe7 18. g4 Nf6 19. Ng3 c5 20. Qf2 b4 21. Na4 cxd4
22. exd4 Ne4 23. Bxe4 dxe4 24. Kh2 Rad8 25. Qe3 Qd7 26. Nc5 Nxc5 27. dxc5 Qa4
28. Rxd8 Rxd8 29. f5 Rd3 30. Qf4 Qe8 31. Re1 e3 32. Re2 Qc6 33. Qe5 f6 34. Qe7
Rd1 35. Qxe3 h5 36. gxh5 gxh5 37. Qe6+ Qxe6 38. fxe6 h4 39. e7 hxg3+ 40. Kxg3
Rg1+ 41. Kf4 Rf1+ 42. Kg4 Bc6 43. e8=Q+ Bxe8 44. Rxe8+ Kf7 45. Ra8 Rf2 46. c6
Rc2 47. c7 Rxc7 48. Rxa6 Rc4+ 49. Kf5 Rc5+ 50. Ke4 Rh5 51. Rb6 Rxh3 52. Kd5 b3
53. a3 Kg6 54. Kc4 Kg5 55. a4 f5 56. Rb8 f4 57. Rf8 Kg4 58. a5 Rh5 59. Kb4 Rh6
60. Kxb3 f3 61. Ka4 Kg3 62. b4 f2 63. Rxf2 Kxf2 64. b5 Rh4+ 65. Kb3 Ke3 66. a6
Rh1 67. a7 Ra1 68. b6 Kd4 69. b7 Rb1+ 70. Kc2 Rxb7 71. a8=Q Rb5 72. Qa4+ Kc5 73.
Kc3 Kb6 74. Kc4 Rc5+ 75. Kb4 Re5 76. Qd7 Re4+ 77. Kc3 Re1 78. Qd6+ Kb7 79. Qg6
Rc1+ 80. Kb4 Rc6 81. Qe4 Kb6 82. Qd5 Rc1 83. Qd4+ Kb7 84. Qe4+ Kc8 85. Qf5+ Kb7
86. Kb5 Rc7 87. Qd5+ Ka7 88. Qd6 Rb7+ 89. Ka5 Rh7 90. Qd4+ Kb8 91. Qe5+ Ka7 92.
Qe3+ Kb8 93. Qg3+ Kb7 94. Qg2+ Ka7 95. Qg1+ 1-0